| 000 | 01149cam a22003377a 4500 | ||
|---|---|---|---|
| 003 | CHAP | ||
| 005 | 20220329133000.0 | ||
| 008 | 971013s1988 r 00010 d | ||
| 010 | _a913 | ||
| 011 | _a1885 | ||
| 035 | _a1070 | ||
| 040 | _cCHAP | ||
| 090 | _aTesis | ||
| 100 | 0 | 0 |
_aYépez García, Arcelia. _9123154 |
| 245 | 1 | 3 | _aLa soya (Glycine max L.) su factibilidad de cultivo en el sureste de México |
| 260 |
_aChapingo, Méx. : _bUACH. Departamento de Fitotecnia, _c1988 |
||
| 300 | _a69 h. | ||
| 502 | _aTesis (Ing. Agr. Esp. en Fitotecnia) -- UACH. Departamento de Fitotecnia | ||
| 590 |
_aALEPH _b10 _c20130110 _lUCH01 _h1206 |
||
| 590 |
_aBATCH-UPD _b10 _c20130109 _lUCH01 _h2147 |
||
| 590 |
_aBATCH-UPD _b10 _c20130110 _lUCH01 _h2310 |
||
| 590 |
_aBATCH-UPD _b10 _c20130409 _lUCH01 _h1820 |
||
| 590 |
_aBATCH-UPD _b10 _c20130410 _lUCH01 _h1601 |
||
| 590 |
_aBATCH-UPD _b10 _c20130914 _lUCH01 _h2032 |
||
| 590 |
_aCONVERSION _b10 _c20130109 _lUCH01 _h1302 |
||
| 650 | 1 | 4 |
_aSoya _xMéxico. _9109071 |
| 901 | _aBK | ||
| 942 | _cFOLL | ||
| 949 |
_bBC _cTES _d-10534 _eTS1 _h23247 _i1070 _si |
||
| 949 |
_bBC _cTES _d33724000598173 _eTS2 _fc.2 _h23248 _i1070 _si |
||
| 999 |
_c913 _d913 |
||